| 000 | 01139nam a22002537a 4500 | ||
|---|---|---|---|
| 003 | OSt | ||
| 005 | 20250916163615.0 | ||
| 008 | 240322b ||||| |||| 00| 0 eng d | ||
| 040 | _c0 | ||
| 082 | _aDPer 621.381 In821 September 2022 v. 37 n. 9 | ||
| 100 |
_aHammoud, Issa. _955204 |
||
| 245 |
_aOn continuous-set model predictive control of permanent magnet synchronous machines / _cIssa Hammoud, Sebastian Hentzelt, Ke Xu, Thimo Oehlschlagel, Mohamed Abdelrahem, Christoph Hackl, and Ralph Kennel. |
||
| 260 |
_aNew York ; _bThe Institute of Electrical and Electronics Engineers, Inc. , _cSeptember 2022. |
||
| 300 |
_aVolume 37, pages 10360-10371 : _billustration ; _c28 cm. |
||
| 500 | _aIEEE Transitions on Power Electronics, v. 37 n. 9, pages 10360-10371, September 2022. | ||
| 700 |
_aHammoud, Issa. _eauthor. _955204 |
||
| 700 |
_aHentzelt, Sebastian. _eauthor. _955205 |
||
| 700 |
_aXu, Ke. _eauthor. _955206 |
||
| 700 |
_aOehlschlagel, Thimo. _eauthor. _955207 |
||
| 700 |
_aAbdelrahem, Mohamed. _eauthor. _955208 |
||
| 700 |
_aHackl, Christoph. _eauthor. _955209 |
||
| 700 |
_aKennel, Ralph. _eauthor. _955210 |
||
| 942 |
_2ddc _cPER |
||
| 999 |
_c19806 _d19806 |
||